000 00563nam a2200205 a 4500
008
049 0 0 _aMAIN
090 _aTK7816
_bLED
100 1 _aLedger, A.S.P.
245 1 0 _aFundamental Electronics /
_cA.S.P. Ledger and N.H. Roche.
260 _aLondon :
_bBlackie&Son ,
_c1967.
300 _aix ,594 p. :
_bill. ;
_c21 cm.
500 _aIncludes index.
650 1 _aElectronics
907 _a.b10162215
_b11-07-06
_c06-05-05
003
005 20230123134006.0
040 _cNUST
942 _cBOOKS
_kTK7816
_mLED
999 _c158159
_d158159